100 joueurs de football selon la photo - Statistiques

Statistiques générales
  • Ce quiz a été pris 145 325 fois
  • Le résultat moyen est 61 sur 100
Statistiques - réponses
Par images Réponse % Correct
Cristiano Ronaldo
100%
Lionel Messi
100%
Pelé
97%
Zinédine Zidane
94%
Neymar Jr.
93%
Diego Maradona
92%
Antoine Griezmann
91%
Ronaldo
91%
Thierry Henry
89%
Zlatan Ibrahimović
86%
Karim Benzema
85%
Paulo Dybala
84%
Paul Pogba
84%
Eden Hazard
83%
Ronaldinho
83%
Edinson Cavani
82%
Luka Modric
82%
Kylian Mbappé
81%
Mohamed Salah
81%
Gareth Bale
80%
Gianluigi Buffon
80%
Johan Cruyff
80%
Luis Suarez
80%
Sergio Ramos
80%
Robert Lewandowski
79%
Harry Kane
78%
Thibaut Courtois
78%
Wayne Rooney
78%
Didier Drogba
77%
Andrés Iniesta
75%
David Beckham
74%
Franck Ribéry
74%
Manuel Neuer
74%
Marcelo
74%
Kevin De Bruyne
72%
Xavi Hernández
72%
Michel Platini
70%
Toni Kroos
70%
Carles Puyol
69%
Mesut Özil
69%
Sergio Aguëro
69%
Andrea Pirlo
67%
Arjen Robben
67%
Arturo Vidal
67%
Dani Alves
66%
Francesco Totti
66%
Romelu Lukaku
65%
Sadio Mané
65%
Angel Di Maria
64%
Iker Casillas
64%
Roberto Carlos
63%
Steven Gerrard
63%
Éric Cantona
62%
Paolo Maldini
62%
Giorgio Chiellini
61%
Marco Reus
59%
Radamel Falcao
59%
Thiago Silva
59%
Eusebio
58%
Frank Lampard
58%
James Rodriguez
58%
Philippe Coutinho
58%
Virgil Van Dijk
58%
Diego Costa
57%
Samuel Eto'o
57%
Fabien Barthez
56%
Patrick Vieira
56%
Luis Figo
52%
Gonzalo Higuain
49%
Mario Mandžukić
49%
Raúl
49%
Edin Džeko
48%
Oliver Kahn
47%
David Trezeguet
46%
Alessandro Del Piero
45%
Javier Zanetti
45%
Roberto Baggio
45%
Ryan Giggs
45%
Ferenc Puskás
43%
Garrincha
42%
Mario Götze
42%
Pavel Nedved
41%
George Best
40%
Robin van Persie
40%
Carlos Tevez
39%
Gennaro Gattuso
39%
David Villa
36%
Gerd Müller
36%
Bastian Schweinsteiger
31%
Jean-Pierre Papin
31%
Filippo Inzaghi
28%
Michael Ballack
28%
Alfredo Di Stefano
27%
Andriy Shevchenko
25%
Fabio Cannavaro
25%
Franz Beckenbauer
25%
Julio Cesar
25%
Marco Van Basten
16%
Dino Zoff
11%
Lev Yachine
9%
Aucun quiz correspondant
Distribution des résultats
% des personnes avec chaque résultat
Percentile par nombre de réponses
Votre historique - résultats
Vous n’avez pas pris ce quiz